Yükseköğretim ceza ve disiplin soruşturması : (Record no. 200158717)
[ view plain ]
| 000 -LEADER | |
|---|---|
| fixed length control field | 00826 a2200265 4500 |
| 001 - CONTROL NUMBER | |
| control field | 200158717 |
| 003 - CONTROL NUMBER IDENTIFIER | |
| control field | TR-AnTOB |
| 005 - DATE AND TIME OF LATEST TRANSACTION | |
| control field | 20240117152146.0 |
| 008 - FIXED-LENGTH DATA ELEMENTS--GENERAL INFORMATION | |
| fixed length control field | 140127s2013 tu 000 0 |
| 020 ## - INTERNATIONAL STANDARD BOOK NUMBER | |
| International Standard Book Number | 9789750223709 |
| 040 ## - CATALOGING SOURCE | |
| Original cataloging agency | TR-AnTOB |
| 041 ## - LANGUAGE CODE | |
| Language code of text/sound track or separate title | Türkçe |
| 050 ## - LIBRARY OF CONGRESS CALL NUMBER | |
| Classification number | KKX3147 |
| Item number | .D86 2013 |
| 090 ## - LOCALLY ASSIGNED LC-TYPE CALL NUMBER (OCLC); LOCAL CALL NUMBER (RLIN) | |
| Classification number (OCLC) (R) ; Classification number, CALL (RLIN) (NR) | KKX3147 .D86 2013 |
| 100 1# - MAIN ENTRY--PERSONAL NAME | |
| Personal name | Duman, Bahattin |
| 9 (RLIN) | 33007 |
| 245 #0 - TITLE STATEMENT | |
| Title | Yükseköğretim ceza ve disiplin soruşturması : |
| Remainder of title | yönetici-personel-öğrenci / |
| Statement of responsibility, etc. | BahattinDuman. |
| 250 ## - EDITION STATEMENT | |
| Edition statement | Güncelleştirilmiş 4. baskı. |
| 264 #1 - PRODUCTION, PUBLICATION, DISTRIBUTION, MANUFACTURE, AND COPYRIGHT NOTICE | |
| Place of production, publication, distribution, manufacture | Ankara : |
| Name of producer, publisher, distributor, manufacturer | Seçkin Yayınları, |
| Date of production, publication, distribution, manufacture, or copyright notice | 2013 |
| 300 ## - PHYSICAL DESCRIPTION | |
| Extent | 425 s.; |
| Dimensions | 24 cm. |
| 504 ## - BIBLIOGRAPHY, ETC. NOTE | |
| Bibliography, etc. note | |
| 650 #7 - SUBJECT ADDED ENTRY--TOPICAL TERM | |
| Topical term or geographic name entry element | Eğitim, Yüksek |
| General subdivision | Hukuk ve mevzuat |
| Geographic subdivision | Türkiye |
| Source of heading or term | etuturkob |
| 9 (RLIN) | 33008 |
| Topical term or geographic name entry element | Education, Higher |
| General subdivision | Law and legislation |
| Geographic subdivision | Turkey |
| 9 (RLIN) | 72228 |
| 942 ## - ADDED ENTRY ELEMENTS (KOHA) | |
| Koha item type | Book |
| Withdrawn status | Lost status | Source of classification or shelving scheme | Not for loan | Collection code | Home library | Current library | Shelving location | Date acquired | Source of acquisition | Cost, normal purchase price | Serial Enumeration / chronology | Inventory number | Total Checkouts | Total Holds | Full call number | Barcode | Copy number | Cost, replacement price | Date shelved | Koha item type |
|---|---|---|---|---|---|---|---|---|---|---|---|---|---|---|---|---|---|---|---|---|
| Ödünç Verilebilir / Available | Genel Koleksiyon | Merkez Kütüphane | Merkez Kütüphane | Genel Koleksiyon / Main Collection | 27/01/2014 | Satın Alma / Purchase | 0.00 | 1 | HUK | KKX3147 .D86 2013 | 0043855 | 1 | 39.68 | 25/09/2013 | Book | |||||
| Ödünç Verilebilir / Available | Genel Koleksiyon | Merkez Kütüphane | Merkez Kütüphane | Genel Koleksiyon / Main Collection | 12/02/2016 | Satın Alma / Purchase | 0.01 | 1 | HUK | KKX3147 .D86 2013 c.2 | 0051537 | 2 | 0.01 | Book |
